000 00865nam a2200253 a 4500
001 68021
003 BD-RjUL
005 20211209081725.0
008 740506s1967 nyua b 001 0 eng
035 _a(BD-RjUL)68230
040 _aDLC
_cDLC
_dUKM
_dEQO
_dBD-RjUL
_beng
041 _aeng
082 0 0 _223
_a592.27
_bJEP 1967
100 1 _aJenkins, W. R.
_q(William Robert),
_d1927-2015.
_9201618
245 1 0 _aPlant nematology /
_cW. R. Jenkins and D. P. Taylor.
260 _aNew York :
_bReinhold Pub. Corp.,
_c1967
300 _axvii, 270 p. :
_bill. ;
_c24 cm.
490 1 _aReinhold books in the biological sciences
504 _aIncludes bibliographies and index
650 0 _aNematode diseases of plants
_9201619
700 1 _aTaylor, D. P.
_q(Donald Pierce),
_d1931-
_9201620
830 0 _aReinhold books in the biological sciences
_9202227
942 _2ddc
_cBK
999 _c68021
_d68021